| 000 | 01904nam0a2200361 4500 | ||
|---|---|---|---|
| 001 | RU\NLR\BIBL_A\012741785 | ||
| 005 | 20220722172248.0 | ||
| 021 |
_aRU _bКН-П-21-087135 _9КН-П-21-6940 |
||
| 035 | _a(NLR Aleph) 012741785 | ||
| 035 | _a(RuMoRGB)010919053 | ||
| 090 |
_a13004799 _c13004799 |
||
| 100 | _a20220328d2021 u y0rusy50 ca | ||
| 101 | 0 | _arus | |
| 102 | _aRU | ||
| 105 | _aa|||j||||||z| | ||
| 181 | 1 |
_ai3 _baxxe |
|
| 182 | 1 | _an | |
| 200 | 1 |
_aОсобенности групповых занятий настольным теннисом в вузе _eучебное пособие _fН. В. Столярова, И. Р. Стовба, Е. Ю. Савиных _gМинистерство науки и высшего образования Российской Федерации, Южно-Уральский государственный университет, Институт спорта, туризма и сервиса, Кафедра физического воспитания и здоровья |
|
| 203 |
_aТекст _bвизуальный _cнепосредственный |
||
| 210 |
_aЧелябинск _cИздательский центр ЮУрГУ _d2021 |
||
| 215 |
_a47, [1] с. _cил. _d21 |
||
| 320 | _aБиблиогр.: с. 48 (10 нзв.) | ||
| 606 | 1 |
_aНастольный теннис _jУчебные издания для высших учебных заведений _xОбучение _xВысшая школа _92607386 _3RU\NLR\AUTH\661543944 |
|
| 675 |
_a796.386(075.8) _v4 |
||
| 686 | 1 | _aЧ515.741.4я73 | |
| 686 | 1 | _aЧ486.73-1теннис.я73 | |
| 700 | 1 |
_aСтолярова _bН. В. _gНаталья Валерьевна |
|
| 701 | 1 |
_aСтовба _bИ. Р. _gИрина Рашидовна |
|
| 701 | 1 |
_aСавиных _bЕ. Ю. |
|
| 942 | _cBOOK | ||
| 980 | _aNB | ||